000 02315nam a2200457 a 4500
001 00003844
003 DO-SdBNP
005 20180309081933.0
007 00003844
008 091117s 2014 dr ac 000 0 spa d
020 _a9789945118322
040 _aBPMSU
_bspa
_cBPMSU
082 0 4 _a373.6561
_bI37L 2do. 2014
100 1 _aIncháustegui, María Isabel
245 1 0 _aLengua y literatura 2 :
_beducación media /
_cMaría Isabel Incháustegui ; dirección editorial de Claudia Llibre y Obdulia García de Escobar ; ilustración Ruddy Núñez.
260 _aSanto Domingo :
_bSantillana,
_c2014.
300 _a279 p. :
_bil., retrs. ;
_c28 cm.
490 1 _aInnova
500 _aSegundo de bachillerato 2do. grado / 1er.ciclo
500 _aIncluye guía recursos didácticos para el profesorado.
500 _aEste libro ha sido realizado de conformidad con el currículum vigente y ha sido sometido a la aprobación del MINERD (Ministerio de Educación República Dominicana)
505 0 _gSegundo de bachillerato 2do. grado /1er. Ciclo --
_tAmo, luego existo --
_tLecciones ambientales del pasado --
_tUn proyecto de nación --
_tProyecto: Desarrollo la idea de un negocio --
_t¿Podrá Marte sustentar la vida? --
_tPersonajes: ¿reales o ficticios? --
_tSí se puede --
_tLleva tu biblioteca en el bolsillo --
_tLeer un libro: Mujeres de la independencia --
_tLa seguridad vial, un problema de todos --
_tEl reality show --
_tEstilos de vida saludables --
_tApéndice:Gramática y literatura.
650 4 _aESPAÑOL
_xENSEÑANZA SECUNDARIA
650 4 _aESPAÑOL
_xEDUCACIÓN SECUNDARIA
650 4 _aESPAÑOL
_xLIBROS DE TEXTOS
650 4 _aESPAÑOL
_xESTUDIOS Y EJERCICIOS
650 4 _aEDUCACIÓN SECUNDARIA
_zREPÚBLICA DOMINICANA
650 4 _aLITERATURA
_xENSEÑANZA SECUNDARIA
650 4 _aLITERATURA
_xEDUCACIÓN SECUNDARIA
650 4 _aLITERATURA
_xESTUDIOS Y EJERCICIOS
650 4 _aLITERATURA
_xLIBROS DE TEXTOS
700 1 _aGarcía de Escobar, Obdulia,
_eed.
700 1 _aLlibre, Claudia,
_eed.
700 1 _aNúñez, Ruddy,
_eil.
830 0 _aInnova
910 _aValidado. Control de calidad
942 _2ddc
_cBK
945 _aRemanejado para la BNPHU / 2018 VM
956 _aVMATEO
_b10
_c20150813
_lBPMSR
_h00151
956 _aLOPEREZ
_b10
_c20160525
_lBPMSU
_h00041
999 _c9697
_d9697